Normal view MARC view
  • Anzaldúa Arce, Raúl Enrique

Entry Nombre Personal

Number of records used in: 13

001 - NUMERO DE CONTROL

  • campo de control: 28732

003 - IDENTIFICADOR DE NUMERO DE CONTROL

  • campo de control: DLC

005 - FECHA Y HORA DE LA ÜLTIMA TRANSACCIÓN

  • campo de control: 20230524145331.0

008 - DATOS DE LONGITUD FIJA

  • campo de control de longitud fija: 220329n| azannaabn |a aaa

010 ## - NÚMERO DE CONTROL DE LA BIBLIOTECA DEL CONGRESO

  • Número de control LC: n 2009048470

040 ## - FUENTE DE CATALOGACIÓN

  • Agencia original de catalogación: DLC
  • Lenguaje de catalogación: spa
  • Description conventions: rda
  • Agencia de transcripción: DLC
  • Agencia que lo modifica: DLC
  • Agencia que lo modifica: MX-MxUPN

100 1# - ENCABEZAMIENTO - NOMBRE PERSONAL

  • Nombre personal: Anzaldúa Arce, Raúl Enrique

370 ## - LUGAR ASOCIADO

  • Other associated place: Ciudad de México, México

371 ## - DIRECCIÓN

  • Electronic mail address: reanzal@yahoo.com.mx
  • Electronic mail address: earce@upn.mx

372 ## - CAMPO DE ACTIVIDAD

  • Field of activity: Imaginario social
  • Field of activity: Socialización de la violencia

373 ## - GRUPO ASOCIADO

  • Associated group: Universidad Pedagógica Nacional (México)
  • Fuente del término: naf

373 ## - GRUPO ASOCIADO

  • Associated group: Red de Investigadores y Estudios sobre Adolescencia y Juventud

374 ## - OCUPACIÓN

  • Occupation: Profesor universitario

374 ## - OCUPACIÓN

  • Occupation: Investigador

374 ## - OCUPACIÓN

  • Occupation: Psicólogo social
  • Occupation: Psicólogo clínico
  • Occupation: Científico social

375 ## - GÉNERO

  • Gender: masculino

377 ## - LENGUA ASOCIADA

  • Language code: spa

400 1# - VEÁSE - NOMBRE DE PERSONA

  • Personal name: Arce, Raúl Enrique Anzaldúa

400 1# - VEÁSE - NOMBRE DE PERSONA

  • Personal name: Anzaldúa, R.
  • Fuller form of name: (Raúl Enrique Anzaldúa Arce)

670 ## - FUENTE EN LA QUE SE LOCALIZARON DATOS

  • Cita de la fuente: Sujetos e instituciones, 2009:
  • Información localizada: portada (Raúl Enrique Anzaldúa Arce) página 210 (teacher-researcher, Universidad Pedagógica Nacional)

670 ## - FUENTE EN LA QUE SE LOCALIZARON DATOS

  • Cita de la fuente: Lugar y proyecto de la orientación educativa, noviember de 2012:
  • Información localizada: portada (Raúl Enrique Anzaldúa Arce) página 38, etc. (bib. ref.: Anzaldúa, R.; email: reanzal@yahoo.com.mx)

670 ## - FUENTE EN LA QUE SE LOCALIZARON DATOS

  • Cita de la fuente: En la obra: Entramados sociales de la violencia escolar, 2017:
  • Información localizada: página 245 (Raúl Enrique Anzaldúa Arce. Docente-Investigador en la Universidad Pedagógica Nacional. Miembro del Cuerpo Académico "Constitución del Sujeto y Formación". Psicólogo social por la Universidad Autónoma Metropolitana, Maestro en Psicología Clínica por la Universidad Nacional Autónoma de México y Doctor en Ciencias Sociales por la Universidad Autónoma Metropolitana. Líneas de Investigación: Imaginario social y Socialización de la violencia. Coordinador del Seminario Interinstitucional Cultura, educación e Imaginario social. Miembro fundador de la Red de Investigadores y Estudios sobre Adolescencia y Juventud. Publicaciones recientes: (2015) "Subjetividades juveniles" en Ana Fernández Grajeda "Institucionalización de la violencia" en Claudio Carrillo (coord.), Las violencias en los entornos escolares, (Universidad de Guadalajara, 2016). Correos electrónicos: reanzal@yahoo.com.mx y earce@upn,mx)

902 ## - CATALOGADOR

  • Catalogador: NDAF/240523